| 000 | 02017cam a22003254a 4500 | ||
|---|---|---|---|
| 999 |
_c6448 _d6448 |
||
| 001 | 14354200 | ||
| 003 | OSt | ||
| 005 | 20200130125638.0 | ||
| 008 | 060426s2006 nyua b 001 0 eng | ||
| 010 | _a 2006013933 | ||
| 020 | _a9780099488644 | ||
| 035 | _a(OCoLC)67840232 | ||
| 040 |
_aDLC _cDLC _dBAKER _dC#P _dYDXCP _dOCLCQ _dIXA _dBTCTA _dPUL _dDLC |
||
| 042 | _apcc | ||
| 082 | 0 | 0 |
_a530 WOT 2007 _222 |
| 100 | 1 |
_aWoit, Peter. _913260 |
|
| 245 | 1 | 0 |
_aNot even Wrong : _bthe failure of string theory and the continuing challenge to unify the laws of physics |
| 260 |
_aLondon: _bVintage Books, _c2007. |
||
| 300 |
_axiii, 289 p. : _bill. ; _c15 cm. |
||
| 504 | _aIncludes bibliographical references and index. | ||
| 505 | 0 | _aParticle physics at the turn of the millennium -- The instruments of production -- Quantum theory -- Quantum field theory -- Gauge symmetry and Gauge theories -- The standard model -- Triumph of the standard model -- Problems of the standard model -- Beyond the standard model -- New insights in quantum field theory and mathematics -- String theory : history -- String theory and supersymmetry : an evaluation -- On beauty and difficulty -- Is superstring theory science? -- The Bogdanov affair -- The only game in town : the power and the glory of string theory -- The landscape of string theory -- Other points of view. | |
| 650 | 0 |
_aSupersymmetry. _913262 |
|
| 650 | 0 |
_aPhysical laws. _913264 |
|
| 856 | 4 | 1 |
_3Table of contents _uhttp://www.loc.gov/catdir/toc/ecip0613/2006013933.html |
| 856 | 4 | 2 |
_3Contributor biographical information _uhttp://www.loc.gov/catdir/enhancements/fy0831/2006013933-b.html |
| 856 | 4 | 2 |
_3Publisher description _uhttp://www.loc.gov/catdir/enhancements/fy0831/2006013933-d.html |
| 906 |
_a7 _bcbc _corignew _d1 _eecip _f20 _gy-gencatlg |
||
| 942 |
_2ddc _cO_SHELF |
||